Zuid-Amerikaanse landen en hoofdsteden. - Statistieken

Algemene statistieken
  • Deze quiz is 465 keer genomen
  • De gemiddelde score is 11 van 13
Antwoorden op de kaart
Antwoorden kleurgecodeerd door een groen-rode schaal op de quizkaart volgens % correct hieronder.
 
Antwoordstatistieken
Antwoord % Correct
Argentinië
97%
Brazilië
90%
Chili
90%
Brasilia
89%
Buenos Aires
87%
Bolivia
84%
Peru
84%
Suriname
84%
Venezuela
84%
Ecuador
80%
Paramaribo
80%
Colombia
77%
Santiago
64%
Geen overeenkomende quizzen gevonden
Scoreverdeling
Procent van Mensen met Elke Score
Percentiel versus Aantal Correcte Antwoorden
Uw Scoregeschiedenis
U heeft deze quiz nog niet genomen